UM Logo

Child development / (Record no. 7928)

MARC details
000 -LEADER
fixed length control field 00556nam a2200169 4500
008 - FIXED-LENGTH DATA ELEMENTS--GENERAL INFORMATION
fixed length control field 171206b xxu||||| |||| 00| 0 eng d
020 ## - INTERNATIONAL STANDARD BOOK NUMBER
International Standard Book Number 9780205150274
082 ## - DEWEY DECIMAL CLASSIFICATION NUMBER
Edition number 1994
Classification number DC 305.231
Item number B46
100 ## - MAIN ENTRY--PERSONAL NAME
9 (RLIN) 24336
Personal name Berk, Laura E., author.
245 ## - TITLE STATEMENT
Title Child development /
Statement of responsibility, etc. Laura E. Berk.
250 ## - EDITION STATEMENT
Edition statement Third edition.
260 ## - PUBLICATION, DISTRIBUTION, ETC. (IMPRINT)
Place of publication, distribution, etc. Boston :
Name of publisher, distributor, etc. Allyn and Bacon,
Date of publication, distribution, etc. ©1994
300 ## - PHYSICAL DESCRIPTION
Extent xxiii, 650 pages. :
Other physical details colored illustration ;
Dimensions 29 cm.
500 ## - GENERAL NOTE
General note Includes bibliographical references and indexes.
650 #0 - SUBJECT ADDED ENTRY--TOPICAL TERM
9 (RLIN) 24337
Topical term or geographic name as entry element Child development
942 ## - ADDED ENTRY ELEMENTS (KOHA)
Source of classification or shelving scheme Dewey Decimal Classification
Koha item type Circulation
Holdings
Withdrawn status Lost status Source of classification or shelving scheme Damaged status Not for loan Collection code Home library Current library Shelving location Date acquired Source of acquisition Total Checkouts Full call number Barcode Date last seen Date last checked out Copy number Price effective from Koha item type
    Dewey Decimal Classification     Circulation UM Digos College - LIC UM Digos College - LIC Book Cart 04/04/2000 Purchased 1 DC 305.231 B46 1994 14114 05/15/2025 12/07/2019 1 12/06/2017 Circulation